header

Nova's GRE math bible (Record no. 13369)

MARC details
000 -LEADER
fixed length control field 01107nam a2200289Ia 4500
100 1# - MAIN ENTRY--AUTHOR NAME
Personal name Kolby, Jeff.
245 10 - TITLE STATEMENT
Title Nova's GRE math bible
260 ## - PUBLICATION, DISTRIBUTION, ETC. (IMPRINT)
Place of publication Los Angeles, CA :
Name of publisher Nova Press,
Year of publication c2008.
300 ## - PHYSICAL DESCRIPTION
Number of Pages iii, 524 p. :
Other physical details ill.
650 #0 - SUBJECT ADDED ENTRY--TOPICAL TERM
Topical Term Mathematics
Topical Term Graduate Record Examination
700 1# - ADDED ENTRY--PERSONAL NAME
Personal name Vaughn, Derrick.
856 40 - ELECTRONIC LOCATION AND ACCESS
Uniform Resource Identifier http://site.ebrary.com/lib/rucke/Doc?id=10256736

No items available.

© 2026 Rongo University
Contact us: librarian | system librarian | Rongo university